000 00256nam a22001217a 4500
008 181031b xxu||||| |||| 00| 0 eng d
041 _aeng
080 _a910
100 _a44
101 _aGEO
245 _aOceans Sciences
_cSegar D,A
942 _2udc
_cBK
999 _c51343
_d51343